| 000 | 00653nam a22002291 4500 | ||
|---|---|---|---|
| 001 | 105194 | ||
| 003 | ES-MaACL | ||
| 007 | t| | ||
| 008 | 060615s1974 sp ||||0| spa d | ||
| 016 | 7 | _zIND9200523568 | |
| 040 |
_aM-BN _bspa _cA2 |
||
| 080 | _a658.784 | ||
| 100 | 1 |
_aLópez Merino, Manuel. _973783 |
|
| 245 | 1 | 0 |
_aGestión de stocks / _cManuel López Merino. |
| 260 |
_aMadrid : _bOrganización Sindical, _c1974. |
||
| 300 |
_a134 p ; _c25 cm. |
||
| 490 | 1 | _aEstudios monográficos | |
| 650 | 1 | 4 |
_aGestión de stocks. _913117 |
| 830 | 0 |
_aEstudios monográficos _9184969 |
|
| 852 |
_aES-MaACL _jE-7596 _bR.91857 |
||
| 999 |
_c105194 _d105194 |
||